Statistics for Riverdale Characters

Click here to take the quiz!

General Stats

  • This quiz has been taken 1,098 times
  • The average score is 11 of 15

Answer Stats

HintAnswer% Correct
blonde girlBetty
100%
the boy next doorArchie
99%
her boyfriendJughead
99%
his girlfriendVeronica
99%
his twin sisterCheryl
95%
murdered boyJason
94%
Serpent fatherFP
91%
her best friendKevin
81%
his fatherFred
79%
the singerJosie
79%
Arrested fatherHiram
72%
single mom (for season 1)Hermione
56%
the doormanSmithers
43%
widowed motherPolly
33%
the teacherMs. Grundy
22%

Score Distribution

Percentile by Number Answered

Percent of People with Each Score

Your Score History

You have not taken this quiz